Utilization of social and welfare services in Greater Bombay (Record no. 22645)

MARC details
000 -LEADER
fixed length control field 00313nam a2200121Ia 4500
082 ## - DEWEY DECIMAL CLASSIFICATION NUMBER
Classification number RK.012;
100 ## - MAIN ENTRY--AUTHOR NAME
Personal name Khandekar, Mandakini
245 #0 - TITLE STATEMENT
Title Utilization of social and welfare services in Greater Bombay
260 ## - PUBLICATION, DISTRIBUTION, ETC. (IMPRINT)
Year of publication 1972
300 ## - PHYSICAL DESCRIPTION
Number of Pages 295.+appen
942 ## - ADDED ENTRY ELEMENTS (KOHA)
Koha item type Books
Holdings
Withdrawn status Lost status Damaged status Not for loan Home library Current library Date acquired Full call number Accession Number Price effective from Koha item type
        NASSDOC Library NASSDOC Library 08/10/2004 RK.012; 10073 18/04/2019 Books